00662nam a2200205Ia 4500003000900000008004100009020001800050040001600068080001600084100002400100245007500124260003600199300001500235650004100250650003000291650002100321942000700342999001500349952009200364IN-BaIIA211028s9999 xx 000 0 eng d a0-460-04384-6 cIIA Library a524.35bCLA aClark, David911941 0aSuperstarscDavid Clark  aLondonbJ. M. Dent & Sonsc1979 axiv, 175p. aAstronomy and astrophysics thesaurus aSupergiant stracts911942 aSupernovae91357 cBK c6972d6972 00104070aBANbBANcGENd1981-12-17l0o524.35/ CLAp7748r2021-11-05w1981-12-17yBK